000 00365nam a22001577a 4500
003 CEME
005 20210628202536.0
008 210316b xxu||||| |||| 00| 0 eng d
040 _c.
082 _a0333 WAS
100 _aWolfram Stephen
_960415
245 _aMathmematica be student book
260 _aRAWALPINDI
_bPDF
_c1994
300 _aPDF
942 _cBK
_2ddc
999 _c570137
_d570137